000 00477nam a2200169 a 4500
001 000039057
005 20201002031458.0
008 130517s1997 dr r 000 0 spa d
040 _aDO-SdBNP
_bspa
_cBNPHU
082 _axxxx
_bA561c
100 1 _aMateo Andrés
_958454
245 1 0 _aCultiva tu matrimonio :
_bes tu jardín /
_cAndrés Mateo.
260 _aSanto Domingo :
_bEdiciones MSC,
_c1997.
300 _a135 P. ;
_c23 cm.
490 1 _aLuz
_v14
830 0 _aLuz
_n14
_965291
999 _c38547
_d38547